| 000 | 04723nas1a22005171i 4500 | ||
|---|---|---|---|
| 001 | RU\NLR\INFOCOMM6\1000461442 | ||
| 005 | 20260407142401.0 | ||
| 035 | _a(NLR Aleph) 002600364 | ||
| 090 |
_a3438479 _c3438479 |
||
| 100 | _a20040608b19311934|||y0rusy50 ca | ||
| 101 | 0 | _arus | |
| 102 | _aRU | ||
| 110 | _azyu||||0|y0 | ||
| 200 | 1 |
_aБюллетень Государственного Океанографического института _fГидрометеорол. ком. СССР |
|
| 207 | 1 | _aВып.1-18 | |
| 210 |
_aМ. _aЛ. _cГос. науч.-техн. изд-во _d1931-1934 |
||
| 430 | 1 |
_12001#$aБюллетень _tБюллетень |
|
| 710 | 0 | 2 |
_aГосударственный океанографический институт _cМосква _3RU\NLR\AUTH\8810011978 _9521720 |
| 801 | 1 |
_aRU _bInfoComm _c20040608 |
|
| 801 | 0 |
_aRU _bNLR _gPSBO |
|
| 852 |
_aNLR _j34-19/27 |
||
| 942 | _cSE | ||
| 980 | _aRUSPER | ||